[Event "AUTO-OPEN-3619"]
[Site "http://www.queenalice.com/game.php?id=1411405"]
[Date "2016.2.28"]
[Round "1"]
[White "Ticovi2015"]
[Black "attachui"]
[Result "0-1"]
[WhiteElo "1844"]
[BlackElo "2024"]

1. e4 c5 2. Bc4 e6 3. d3 Nc6 4. Nf3 a6 5. Nc3 b5 6. Bb3 Bb7 7. a3 Nge7 8. Be3 d6
9. Ne2 d5 10. O-O d4 11. Bf4 Rc8 0-1

[Event "AUTO-OPEN-3619"]
[Site "http://www.queenalice.com/game.php?id=1411406"]
[Date "2016.2.28"]
[Round "1"]
[White "attachui"]
[Black "Ticovi2015"]
[Result "1-0"]
[WhiteElo "2033"]
[BlackElo "1835"]

1. d4 d5 2. c4 e6 3. Nc3 Nf6 4. Bg5 h6 5. Bh4 Be7 6. Nf3 Nc6 7. e3 Bb4 8. Qc2 g5
9. Bg3 Ne4 10. O-O-O Bxc3 11. bxc3 1-0

[Event "AUTO-OPEN-3636"]
[Site "http://www.queenalice.com/game.php?id=1417567"]
[Date "2016.4.10"]
[Round "1"]
[White "Joao_Dias"]
[Black "Ticovi2015"]
[Result "1-0"]
[WhiteElo "1866"]
[BlackElo "1914"]

1. e3 e5 2. d3 d5 3. h3 Nc6 4. a3 Nf6 5. g4 g5 6. b4 b5 7. c3 a5 8. Bb2 h5 9.
gxh5 Rxh5 10. Bg2 axb4 11. axb4 Rxa1 12. Bxa1 Rh8 13. Bb2 Be6 14. Na3 Na7 15.
Nf3 1-0

[Event "AUTO-OPEN-3636"]
[Site "http://www.queenalice.com/game.php?id=1417568"]
[Date "2016.4.10"]
[Round "1"]
[White "Ticovi2015"]
[Black "Joao_Dias"]
[Result "0-1"]
[WhiteElo "1914"]
[BlackElo "1845"]

1. e4 d6 2. d4 e6 3. Nf3 h6 4. Nc3 a6 5. g3 b5 6. b4 g5 7. Bg2 Bg7 8. Qd3 Bb7 9.
O-O g4 10. Nh4 Bf6 11. e5 Bxg2 12. Nxg2 dxe5 13. dxe5 Qxd3 14. cxd3 Bxe5 15. Bd2
Nc6 0-1

[Event "AUTO-OPEN-3636"]
[Site "http://www.queenalice.com/game.php?id=1417595"]
[Date "2016.4.10"]
[Round "1"]
[White "Equiferus"]
[Black "Ticovi2015"]
[Result "1-0"]
[WhiteElo "1827"]
[BlackElo "1878"]

1. Nf3 c5 2. g3 d6 3. Bg2 e5 4. d3 Nf6 5. O-O Be6 6. Ng5 Qd7 7. Nxe6 fxe6 8. Bg5
Be7 9. Nc3 Nc6 10. e4 O-O-O 11. Qd2 h6 12. Be3 Ng4 13. Bh3 h5 14. Nd5 Nxe3 15.
Qxe3 Nd4 16. Rac1 g5 17. Nxe7+ Qxe7 18. c3 Nc6 19. d4 exd4 20. cxd4 Nxd4 21. f4
g4 22. Bg2 h4 23. Rfe1 h3 24. Bh1 Kb8 25. e5 d5 26. b4 b6 27. bxc5 1-0

[Event "AUTO-OPEN-3636"]
[Site "http://www.queenalice.com/game.php?id=1417596"]
[Date "2016.4.10"]
[Round "1"]
[White "Ticovi2015"]
[Black "Equiferus"]
[Result "0-1"]
[WhiteElo "1898"]
[BlackElo "1807"]

1. e4 d5 2. e5 Nc6 3. d4 f6 4. Nc3 fxe5 5. dxe5 Bf5 6. Nf3 h6 7. Qxd5 Qxd5 8.
Nxd5 O-O-O 9. c4 g5 10. a3 Be4 11. Nc3 Bxf3 12. gxf3 Nxe5 13. Bg2 Nd3+ 14. Ke2
Nxc1+ 15. Raxc1 Bg7 16. Rhe1 Bd4 17. Red1 e5 18. b4 Nf6 19. Nb5 a6 20. Nxd4 exd4
21. c5 c6 22. Rc4 Rhe8+ 23. Kf1 d3 24. f4 g4 25. h3 Kc7 26. Rc3 d2 27. Rc2 Ne4
0-1

[Event "AUTO-OPEN-3636"]
[Site "http://www.queenalice.com/game.php?id=1417615"]
[Date "2016.4.10"]
[Round "1"]
[White "Ticovi2015"]
[Black "betofortaleza"]
[Result "0-1"]
[WhiteElo "2025"]
[BlackElo "1829"]

1. c4 e5 2. e4 Bc5 3. Nf3 d6 4. h3 Nc6 5. a3 Nd4 6. b4 Nxf3+ 7. Qxf3 Bd4 8. Ra2
b6 9. Bb2 Nf6 10. Bxd4 exd4 11. Be2 O-O 12. Qd3 c5 13. O-O Be6 14. Bd1 Qd7 15.
g4 Nxg4 16. hxg4 b5 17. Bb3 bxc4 18. Bxc4 Bxc4 19. Qxc4 Qxg4+ 20. Kh1 Rae8 21.
f3 Qg3 22. d3 Re6 23. Rh2 Rfe8 24. Qc2 Rg6 25. Qf2 Qf4 26. Rh4 Qf6 27. Qh2 Re5
28. Rxh7 Kf8 29. Qh3 Re6 30. Rh8+ Ke7 31. bxc5 dxc5 32. Ra8 Rh6 33. Rxa7+ Kf8
34. Qxh6 Qxh6+ 35. Kg2 Rg6+ 36. Kf2 Qe3# 0-1

[Event "AUTO-OPEN-3636"]
[Site "http://www.queenalice.com/game.php?id=1417616"]
[Date "2016.4.10"]
[Round "1"]
[White "betofortaleza"]
[Black "Ticovi2015"]
[Result "0-1"]
[WhiteElo "1815"]
[BlackElo "2002"]

1. e4 e5 2. Nf3 Nc6 3. Bb5 d6 4. d3 Bd7 5. Be3 a6 6. Bc4 Nf6 7. Nc3 h6 8. Qd2 g5
9. Nd5 Nxd5 10. Bxd5 Qf6 11. O-O-O Bg4 12. Bxc6+ bxc6 13. d4 Bxf3 14. gxf3 Bg7
15. Qc3 Kd7 16. d5 cxd5 17. Rxd5 Qxf3 18. Rhd1 Qxe4 19. Bc5 Bf8 20. Rxe5 Qf4+
21. Re3 Re8 22. Kb1 Be7 23. Rde1 dxc5 24. Rd3+ Bd6 25. Red1 Qxh2 26. Qxc5 Re6
27. Rc3 Rc8 28. Qf5 Qf4 29. Qd3 Qxf2 30. Qxa6 Re1 31. Qb5+ c6 32. Qd3 Rxd1+ 33.
Qxd1 Re8 0-1

[Event "Let's Play Chess!"]
[Site "http://www.queenalice.com/game.php?id=1419532"]
[Date "2016.4.23"]
[Round "-"]
[White "Ticovi2015"]
[Black "charles31"]
[Result "1/2-1/2"]
[WhiteElo "2012"]
[BlackElo "1865"]

1. e4 e5 2. Nf3 d6 3. d4 exd4 4. Qxd4 Nc6 5. Qd1 h6 6. Nc3 Nf6 7. Bb5 Bd7 8. h3
Be7 9. O-O Ne5 10. Bxd7+ Nexd7 11. Bf4 O-O 12. Re1 Nh5 13. Qd2 Nxf4 14. Qxf4 Bf6
15. Qd2 Ne5 16. Nxe5 Bxe5 17. Rad1 Qe7 18. Nd5 Qd7 19. b3 c6 20. Ne3 Rad8 21. c4
b6 22. Ng4 Qe6 23. Nxe5 Qxe5 24. Re3 Rfe8 25. Qd4 Qxd4 26. Rxd4 Re6 27. a4 a5
28. f4 g6 29. g4 f6 30. f5 gxf5 31. gxf5 Re7 32. Kg2 h5 33. Rg3+ Kh7 34. Rg6 Rg7
35. Rxg7+ Kxg7 36. Kg3 Kh6 37. Kh4 c5 38. Rd5 Rd7 39. Rd3 Re7 40. Re3 Rg7
1/2-1/2

[Event "Let's Play Chess!"]
[Site "http://www.queenalice.com/game.php?id=1419533"]
[Date "2016.4.23"]
[Round "-"]
[White "charles31"]
[Black "Ticovi2015"]
[Result "0-1"]
[WhiteElo "1834"]
[BlackElo "2016"]

1. Nc3 e5 2. e4 Nf6 3. a3 Bc5 4. h3 d6 5. Nf3 Nc6 6. Bc4 a6 7. d3 b5 8. Ba2 h6
9. Nd5 O-O 10. g4 Be6 11. Nxf6+ Qxf6 12. Bxe6 fxe6 13. Qe2 Qxf3 14. Qxf3 Rxf3
15. Rh2 Nd4 0-1

[Event "christine - 37"]
[Site "http://www.queenalice.com/game.php?id=1419543"]
[Date "2016.4.23"]
[Round "-"]
[White "Ticovi2015"]
[Black "christine91"]
[Result "1-0"]
[WhiteElo "2001"]
[BlackElo "1883"]

1. e4 e5 2. Nf3 Nc6 3. Bb5 d6 4. Bxc6+ bxc6 5. Nc3 Nf6 6. d3 Bg4 7. h3 Be6 8.
Be3 Be7 9. g4 h6 10. Qe2 O-O 11. g5 Nh5 12. gxh6 Nf4 13. Bxf4 exf4 14. Rg1 g6
15. Qd2 Kh7 16. Qxf4 f5 17. Ng5+ Bxg5 18. Rxg5 fxe4 19. Qh4 e3 20. Qg3 Rxf2 21.
Rxg6 1-0

[Event "christine - 40"]
[Site "http://www.queenalice.com/game.php?id=1419546"]
[Date "2016.4.23"]
[Round "-"]
[White "christine91"]
[Black "Ticovi2015"]
[Result "0-1"]
[WhiteElo "1948"]
[BlackElo "2006"]

1. d4 d5 2. Nc3 Nf6 3. Nf3 Bg4 4. e3 Nc6 5. Be2 Bxf3 6. Bxf3 e6 7. O-O Bd6 8.
Nb5 a6 9. Nxd6+ Qxd6 10. c3 h5 11. Re1 Ng4 12. Bxg4 hxg4 13. g3 f5 14. f3 gxf3
15. Qxf3 O-O-O 16. Qf4 Qe7 17. Bd2 Rh3 18. Rf1 Rdh8 19. Rf2 g5 20. Qf3 Qh7 21.
Qg2 e5 22. e4 dxe4 23. Bxg5 exd4 24. Kh1 e3 25. Bh4 Rxh4 26. gxh4 exf2 27. Rf1
Qxh4 0-1

[Event "game"]
[Site "http://www.queenalice.com/game.php?id=1419566"]
[Date "2016.4.23"]
[Round "-"]
[White "ulisses34"]
[Black "Ticovi2015"]
[Result "0-1"]
[WhiteElo "1729"]
[BlackElo "2011"]

1. e4 e5 2. Nf3 Nc6 3. c3 Bc5 4. b4 Bb6 5. d4 d6 6. d5 Nce7 7. Na3 a6 8. Nc4 Nf6
9. Nxb6 cxb6 10. Nd2 b5 11. a4 Bd7 12. axb5 axb5 13. Rxa8 Qxa8 14. Nb3 Nxe4 15.
Qf3 f5 16. Be2 O-O 17. Na5 Nxd5 18. Bb2 b6 19. Nb3 Qa2 20. O-O Qxb3 21. Ba1 Nd2
22. Qd3 Nxf1 23. Bxf1 Ra8 24. Qd1 Qxd1 0-1

[Event "AUTO-ADV-3555"]
[Site "http://www.queenalice.com/game.php?id=1419676"]
[Date "2016.4.24"]
[Round "2"]
[White "Parma"]
[Black "Ticovi2015"]
[Result "1-0"]
[WhiteElo "1897"]
[BlackElo "2001"]

1. d4 d5 2. c4 c6 3. e3 Nf6 4. Nf3 Be6 5. c5 b5 6. cxb6 axb6 7. Be2 g6 8. O-O
Bg7 9. Nc3 O-O 10. Bd2 Qd6 11. h3 Nbd7 12. a3 1-0

[Event "AUTO-ADV-3555"]
[Site "http://www.queenalice.com/game.php?id=1419677"]
[Date "2016.4.24"]
[Round "2"]
[White "Ticovi2015"]
[Black "Parma"]
[Result "0-1"]
[WhiteElo "1981"]
[BlackElo "1917"]

1. e4 c5 2. Bc4 e6 3. Nc3 Be7 4. d3 d6 5. Nf3 Nf6 6. h3 O-O 7. Bd2 a6 8. a3 Nc6
9. Qe2 e5 10. Nd5 b5 0-1

[Event "AUTO-ADV-3555"]
[Site "http://www.queenalice.com/game.php?id=1419682"]
[Date "2016.4.24"]
[Round "2"]
[White "Ticovi2015"]
[Black "worldwide"]
[Result "0-1"]
[WhiteElo "1962"]
[BlackElo "1845"]

1. e4 e5 2. Nf3 d6 3. Nc3 h6 4. Bc4 Nc6 5. d3 Nf6 6. Bd2 Bg4 7. h3 Bh5 8. g4 Bg6
9. g5 hxg5 10. Nxg5 Na5 11. Nxf7 Bxf7 12. Bxf7+ Kxf7 13. Nd5 Nc6 14. Bg5 Be7 15.
Qf3 Nd4 16. Qd1 Nxd5 17. Bxe7 Nxe7 18. c3 Ne6 0-1

[Event "AUTO-ADV-3555"]
[Site "http://www.queenalice.com/game.php?id=1419683"]
[Date "2016.4.24"]
[Round "2"]
[White "worldwide"]
[Black "Ticovi2015"]
[Result "1-0"]
[WhiteElo "1823"]
[BlackElo "2029"]

1. Nf3 Nc6 2. Nc3 e5 3. e4 d6 4. Bb5 Bd7 5. O-O a6 6. Ba4 b5 7. Bb3 h6 8. a4 b4
9. Nd5 Nf6 10. d4 Nxe4 11. dxe5 dxe5 12. Qd3 Nc5 13. Qc4 Be6 14. Rd1 a5 15. Be3
Nxb3 16. Qxc6+ Bd7 17. Nxc7+ 1-0